000
00270nam a2200097Ia 4500
001
642498
005
20250826153527.0
008
250824s9999 xx 000 0 und d
245
0
_a
MUTLULUK ÖYKÜLER ANTİK YENİ
_c
GUY DE MAUPASSANT
260
_b
ANTİK DÜNYA KLASİKLERİ
999
_c
642498
_d
642498